Откога се е зора зазорила (Запис номер 171460)
[ съкратено ]
| 000 -Лидер | |
|---|---|
| Контролно поле с фиксирана дължина | nam a22 a 4500 |
| 003 - Код на организацията, давaща контролен номер | |
| Контролно поле | BLK |
| 005 - Дата и час на последна редакция | |
| Контролно поле | 20221202111032.0 |
| 008 - Елементи от данни с фиксирана дължина | |
| fixed length control field | 180411b bul|||||r ||||||| ||bul|| |
| 010 ## - Наследен системен номер | |
| LC control number | KNG00179732000 |
| 040 ## - Източник на каталожния запис | |
| Идентификатор на билиотеката - собственик на записа | BLK |
| 041 ## - Код за език | |
| Код за езика на текст/звукозапис или на отделно заглавие | Български |
| Код за езика КДБФ | Български |
| 080 ## - УДК | |
| Текстов определител УДК | Българска литература |
| УДК код - определител по УДК | 821.163.2 |
| УДК определител | -192 |
| УДК - код + определител | 821.163.2-192 |
| 080 ## - УДК | |
| Текстов определител УДК | Народни песни |
| УДК код - определител по УДК | 398.8 |
| УДК определител | (497.2) |
| УДК - код + определител | 398.8(497.2) |
| 139 ## - Редно поле | |
| Редна дума | Огнянова, Елена и др. |
| Авторски знак | Огня - О 37 |
| 245 10 - Сведения за заглавието | |
| Заглавие | Откога се е зора зазорила |
| Подзаглавни данни | Нар. и революционни песни |
| Редно поле (дума) | отбор и ред. на Елена Огнянова; * Елена Огнянова Боянова; отбор и ред. на Георги Николов Крънзов |
| 257 ## - Страна на издаване | |
| Страна на създаване/издаване | България |
| 260 ## - Област на издателските данни | |
| Име на издателя, разпространителя и проч. | НС ОФ |
| Година на издаване | 1964 |
| Място на издаване, разпространение и проч. | София |
| 300 ## - Физическа характеристика | |
| Страници | 116 с. |
| Размери/Мащаб | 25 см |
| 380 ## - Жанр | |
| Жанр | Худож. лит. |
| 500 ## - Общи забележки | |
| Забележка | Състав. не са означени на кор. - Пълното име на авт. е Елена Огнянова Боянова. - 9 100 тир. |
| 650 #4 - Допълнително описание по предмет – тема | |
| Основно описание – тема или топоним | Песни, народни, български |
| 9 (RLIN) | 296522 |
| 650 #4 - Допълнително описание по предмет – тема | |
| Основно описание – тема или топоним | Песни, революционни, български |
| 9 (RLIN) | 316281 |
| 651 #4 - Допълнително описание по предмет - топоним | |
| Географско понятие | България |
| 9 (RLIN) | 241624 |
| 653 ## - Ключова дума – ненормативна | |
| Ключова дума | народни песни |
| 653 ## - Ключова дума – ненормативна | |
| Ключова дума | революционни песни |
| 653 ## - Ключова дума – ненормативна | |
| Ключова дума | български песни |
| 700 1# - Други автори (авторска отговорност) | |
| Лично име | Огнянова, Елена |
| Автороска отговорност (Описва отношението между автора и произведението) | отбор и ред. на |
| Друга информация | Боянова, Елена Огнянова |
| 9 (RLIN) | 371125 |
| 700 1# - Други автори (авторска отговорност) | |
| Лично име | Боянова, Елена Огнянова |
| Автороска отговорност (Описва отношението между автора и произведението) | * |
| 9 (RLIN) | 366343 |
| 700 1# - Други автори (авторска отговорност) | |
| Лично име | Крънзов, Георги Николов |
| 9 (RLIN) | 382569 |
| 852 ## - Местоположение | |
| Форматна сигнатура | Цб 31330 |
| Фондова буква | Хранилище |
| 856 4# - Електронен адрес и достъп | |
| Електронен формат | pdf - файл |
| 856 4# - Електронен адрес и достъп | |
| Електронен формат | pdf - файл |
| 999 ## - СИСТЕМНИ КОНТРОЛНИ НОМЕРА | |
| Koha biblionumber | 171460 |
| Koha biblioitemnumber | 171460 |
| 942 ## - АРТИКУЛИ | |
| Вид на библиотечния материал | Книги |
| Скрит в OPAC | Не |
| Периодичен библиозапис | Да |
| 944 ## - СЪЗДАВАНЕ И РЕДАКЦИЯ на ЗАПИСА | |
| Създаване/Редакция | Създаване |
| Дата на регистрацията/редакция | 13.08.2015 |
| Статус, дата на статуса | ф / |
| Служител, извършил регистрацията/редакцията | Людмила_Стоянова |
| 944 ## - СЪЗДАВАНЕ И РЕДАКЦИЯ на ЗАПИСА | |
| Създаване/Редакция | Редакция |
| Дата на регистрацията/редакция | 21.09.2017 |
| Статус, дата на статуса | ф / |
| Служител, извършил регистрацията/редакцията | Вася_Ганчева |
| 999 ## - СИСТЕМНИ КОНТРОЛНИ НОМЕРА | |
| Koha biblioitemnumber | 171460 |
| Код за отписване | Код за изгубен артикул | Източник на класификационната схема | Код за повреда | Коз за рестрикции | Код за отдаване | Артикулен № | Име на библиотеката - собственик | Име на библиотеката, в която се намира в момента | Статус (Текущо местоположение) | Дата на вписване в системата | Местоположение - отдел | Цена в лева | Инвентарен номер | Систематично азбучна сигнатура | Баркод | Номер на екземпляра | Цена в евро | Служебна бележка | Служебен тип на артикула | Бележка за публиката |
|---|---|---|---|---|---|---|---|---|---|---|---|---|---|---|---|---|---|---|---|---|
| Не е изгубен | Universal Decimal Classification | Не е повреден | само за читалня | ползва се в читалня | 291539 | Регионална библиотека "Любен Каравелов" Русе | Регионална библиотека "Любен Каравелов" Русе | Хранилище | 1964-01-01 | Хранилище | 0.35 | 15256/64 | Цб 31330 | 900000094142 | 1 | 0.18 | Дост: Dp Вид: Д N: стар фонд Дата: 01.01.1964 | Книги | ||
| Изтеглен | Не е изгубен | Не е повреден | без рестрикции | заемане за дома | 291540 | Регионална библиотека "Любен Каравелов" Русе | Регионална библиотека "Любен Каравелов" Русе | Заемна - подръчен фонд | 1964-01-01 | Заемна - подръчен фонд | 0.35 | 15728/64 | П 886.7-1/О 37 | 15728/64 | 2 | 0.18 | Дост: Pk Вид: Ф N: стар фонд Дата: 01.01.1964 Дата инв: 21.03.2018 Бележки инв: П2018 | Книги | ||
| Изтеглен | Не е изгубен | Universal Decimal Classification | Не е повреден | без рестрикции | заемане за дома | 291541 | Регионална библиотека "Любен Каравелов" Русе | Регионална библиотека "Любен Каравелов" Русе | Заемна - подръчен фонд | 1964-01-01 | Заемна - подръчен фонд | 0.00 | 15730/64 | П 886.7-1/О 37 | 15730/64 | 3 | 0.00 | Дост: Pk Вид: Ф N: стар фонд Дата: 01.01.1964 | Книги | |
| Изтеглен | Не е изгубен | Не е повреден | без рестрикции | заемане за дома | 291542 | Регионална библиотека "Любен Каравелов" Русе | Регионална библиотека "Любен Каравелов" Русе | 1964-01-01 | Детски отдел | 0.35 | 16212/64 | ДН 886.7/О 37 | 16212/64 | 4 | 0.18 | Дост: Pk Вид: Ф N: стар фонд Дата: 01.01.1964 Дата инв: 09.09.2015 Бележки инв: Д2015 | Книги | Отч.N: 36/2017 , Дата: 05.09.2017 | ||
| Изтеглен | Не е изгубен | Не е повреден | без рестрикции | заемане за дома | 291543 | Регионална библиотека "Любен Каравелов" Русе | Регионална библиотека "Любен Каравелов" Русе | Детски отдел | 1964-01-01 | Детски отдел | 0.35 | 16213/64 | ДН 886.7/О 37 | 16213/64 | 5 | 0.18 | Дост: Pk Вид: Ф N: стар фонд Дата: 01.01.1964 Дата инв: 09.09.2015 Бележки инв: Д2015 | Книги |